Prečo (ne) nakupujeme slovenské

Čo ovplyvňuje podiel slovenských výrobkov v reťazcoch. Čo hľadajú spotrebitelia v skutočnosti. Ako sa obchodníci rozhodujú pri umiestňovaní slovenských produktov.

Enregistré dans:
Détails bibliographiques
Auteur principal: Krausz, Táňa
Format: Chapitre de livre
Langue:slovaque
Sujets:
Tags: Ajouter un tag
Pas de tags, Soyez le premier à ajouter un tag!

MARC

LEADER 00000naa a2200000 4500
001 0226001
005 20170112094923.7
041 0 |a slo 
044 |a SK 
245 1 0 |a Prečo (ne) nakupujeme slovenské  |c Táňa Krausz 
520 |a Čo ovplyvňuje podiel slovenských výrobkov v reťazcoch. Čo hľadajú spotrebitelia v skutočnosti. Ako sa obchodníci rozhodujú pri umiestňovaní slovenských produktov. 
610 2 0 |a obchodníci 
610 2 0 |a predajne 
610 2 0 |a umiestňovanie produktov 
610 2 0 |a výrobky 
610 2 0 |a výrobky domáce 
610 2 0 |a spotrebitelia 
610 2 0 |a Slovensko 
100 1 |a Krausz, Táňa